[Event "Rheinland Pfalz op 13th"]
[Site "Engers"]
[Date "2023.06.09"]
[Round "4"]
[White "Louis, Volker"]
[Black "Boidman, Yuri"]
[Result "1/2-1/2"]
[WhiteElo "2057"]
[BlackElo "2304"]
[PlyCount "115"]
[EventDate "2023.06.08"]
[EventType "swiss"]
[EventRounds "7"]
[EventCountry "GER"]
[SourceTitle "CBM 214 Extra"]
[Source "ChessBase"]
[SourceDate "2023.07.31"]
[SourceVersion "1"]
[SourceVersionDate "2023.07.31"]
[SourceQuality "1"]

1. d4 d5 2. c4 c6 3. Nc3 Nf6 4. Nf3 e6 5. Bg5 Nbd7 6. e3 Qa5 7. cxd5 Nxd5 8. Qd2 N7b6 9. Nxd5 Qxd2+ 10. Nxd2 exd5 11. Bd3 Bd6 12. f3 h6 13. Bh4 0-0 14. e4 Bf4 15. Bf2 Be6 16. g3 dxe4 17. Nxe4 Bc7 18. 0-0 Rad8 19. Nc5 Bc8 20. b4 Nd5 21. a3 Rfe8 22. Rfe1 Rxe1+ 23. Rxe1 Kf8 24. Rc1 a6 25. Rb1 Bb6 26. Re1 Nc7 27. Ra1 Ne6 28. Bf5 Nxc5 29. bxc5 Bxf5 30. cxb6 Rd5 31. a4 Bc2 32. Be3 Ra5 33. Rc1 Bb3 34. Rxc6 Bd5 35. Rc5 Rxc5 36. dxc5 Bxf3 37. Kf2 Bc6 38. a5 Ke7 39. Bf4 Ke6 40. Bd6 g6 41. Ke3 Kd5 42. Bf8 Kc4 43. Bxh6 Kb5 44. Kd4 Kxa5 45. Bd2+ Kb5 46. h4 Bd7 47. Be3 a5 48. Bc1 a4 49. Ba3 Bc6 50. g4 Bf3 51. g5 Kc6 52. Bb4 Kd7 53. Ke5 Kc6 54. Kd4 Bg2 55. Ba3 Kb5 56. Kc3 Bf3 57. Kd4 Bg2 58. Kc3 1/2-1/2

[Event "Oberliga Sued W 2122"]
[Site "Germany"]
[Date "2021.10.24"]
[Round "1.7"]
[White "Unbehend, Marius"]
[Black "Louis, Volker"]
[Result "0-1"]
[WhiteElo "1577"]
[BlackElo "2081"]
[PlyCount "88"]
[EventDate "2021.10.24"]
[EventType "team-tourn"]
[EventRounds "9"]
[EventCountry "GER"]
[SourceTitle "EXT 2023"]
[Source "ChessBase"]
[SourceDate "2022.10.05"]
[SourceVersion "1"]
[SourceVersionDate "2022.10.05"]
[SourceQuality "1"]
[WhiteTeam "St Ingbert"]
[BlackTeam "Frankenthal"]
[WhiteTeamCountry "GER"]
[BlackTeamCountry "GER"]

1. e4 d6 2. Nc3 g6 3. d4 Nf6 4. f4 Bg7 5. Nf3 c5 6. Bb5+ Bd7 7. Bxd7+ Qxd7 8. d5 0-0 9. 0-0 e6 10. Qe1 exd5 11. exd5 Na6 12. Qh4 Nb4 13. f5 Qxf5 14. Ng5 Qg4 15. Qxg4 Nxg4 16. h3 Bd4+ 17. Kh1 Nxc2 18. hxg4 Nxa1 19. Bf4 Nc2 20. Bxd6 Rfe8 21. Bg3 Ne3 22. Rf3 Bxc3 23. bxc3 Nxd5 24. Nxf7 Rf8 25. Nh6+ Kg7 26. Rd3 Kxh6 27. Rxd5 Rac8 28. Be5 Rf7 29. Kh2 Rc6 30. Kh3 g5 31. Bd6 b6 32. Be5 Re6 33. a4 Rfe7 34. Bd6 Re8 35. Bg3 Kg6 36. a5 bxa5 37. Rxc5 Ra6 38. Be5 a4 39. Bd4 a3 40. Rc7 a2 41. c4 a1Q 42. Rg7+ Kh6 43. Bxa1 Rxa1 44. Rd7 Re6 0-1

[Event "Pfalz-ch MT-B 86th"]
[Site "Wolfstein"]
[Date "2017.04.14"]
[Round "7"]
[White "Louis, Volker"]
[Black "Mueller, Markus"]
[Result "1/2-1/2"]
[WhiteElo "2108"]
[BlackElo "2123"]
[PlyCount "100"]
[EventDate "2017.04.07"]
[EventType "tourn"]
[EventRounds "9"]
[EventCountry "GER"]
[SourceTitle "EXT 2018"]
[Source "ChessBase"]
[SourceDate "2017.10.13"]
[SourceVersion "1"]
[SourceVersionDate "2017.10.13"]
[SourceQuality "1"]

1. d4 Nf6 2. c4 e6 3. Nc3 Bb4 4. Qc2 0-0 5. a3 Bxc3+ 6. Qxc3 b6 7. Bg5 Ba6 8. Nf3 d6 9. e3 Nbd7 10. Qc2 h6 11. Bh4 c5 12. dxc5 bxc5 13. Be2 Qa5+ 14. Nd2 d5 15. 0-0 Rfd8 16. b4 Qb6 17. Rfc1 cxb4 18. Bxf6 gxf6 19. c5 Nxc5 20. axb4 Bxe2 21. bxc5 Qc6 22. Ra4 Bh5 23. Rca1 Rdc8 24. Nb3 a6 25. Qc3 Rcb8 26. Rh4 Qb5 27. Rxh5 Qxb3 28. Qe1 Qb4 29. Qd1 Kh7 30. c6 Rg8 31. h3 Qe4 32. g3 a5 33. Ra4 Qg6 34. Kh2 f5 35. Rhh4 Rgc8 36. Qc1 Ra6 37. c7 Ra7 38. Qd2 Raxc7 39. Qxa5 Rc4 40. Qa6 Rc1 41. Ra1 R8c2 42. Kg2 Rxa1 43. Qxa1 Qg7 44. Qa4 Rc1 45. Qa3 Rc4 46. Qe7 f6 47. Qxe6 Rxh4 48. Qxf5+ Kh8 49. Qc8+ Kh7 50. Qf5+ Kh8 1/2-1/2

[Event "Rheinland Pfalz op 7th"]
[Site "Frankenthal"]
[Date "2015.06.06"]
[Round "3"]
[White "Chernov, Vadim A"]
[Black "Louis, Volker"]
[Result "1-0"]
[WhiteElo "2434"]
[BlackElo "2128"]
[PlyCount "99"]
[EventDate "2015.06.04"]
[EventType "swiss"]
[EventRounds "7"]
[EventCountry "GER"]
[SourceTitle "EXT 2017"]
[Source "ChessBase"]
[SourceDate "2016.10.25"]
[SourceVersion "1"]
[SourceVersionDate "2016.10.25"]
[SourceQuality "1"]

1. e4 d6 2. d4 Nf6 3. Nc3 g6 4. f4 Bg7 5. Nf3 c5 6. dxc5 Qa5 7. Qd4 dxc5 8. Qc4 0-0 9. e5 Ne8 10. Be3 Na6 11. Qb5 Qxb5 12. Bxb5 Nec7 13. Bc4 Be6 14. Bxe6 Nxe6 15. 0-0-0 Rfd8 16. Nd5 Kf8 17. c4 Nb4 18. Nxb4 cxb4 19. Rxd8+ Nxd8 20. Kc2 Rc8 21. Rd1 Ke8 22. Kb3 Nc6 23. Ka4 f6 24. exf6 exf6 25. f5 Bf8 26. fxg6 hxg6 27. c5 Nd8 28. Kxb4 b6 29. Nh4 Bxc5+ 30. Bxc5 Rxc5 31. Nxg6 Rg5 32. Nf4 Nc6+ 33. Kc3 Rc5+ 34. Kd2 Ne5 35. b3 Kf7 36. Rc1 Rxc1 37. Kxc1 f5 38. Kd2 Kf6 39. h4 Nc6 40. Ke3 b5 41. Nd3 a5 42. a3 Kg6 43. g3 Kf6 44. Nc5 Ke5 45. a4 bxa4 46. bxa4 Ne7 47. Nd3+ Kf6 48. Kd4 Kg6 49. Nf4+ Kf6 50. Nd5+ 1-0

[Event "Rheinland Pfalz op 7th"]
[Site "Frankenthal"]
[Date "2015.06.06"]
[Round "4"]
[White "Louis, Volker"]
[Black "Walter, Stefan"]
[Result "1-0"]
[WhiteElo "2128"]
[BlackElo "1964"]
[PlyCount "95"]
[EventDate "2015.06.04"]
[EventType "swiss"]
[EventRounds "7"]
[EventCountry "GER"]
[SourceTitle "EXT 2017"]
[Source "ChessBase"]
[SourceDate "2016.10.25"]
[SourceVersion "1"]
[SourceVersionDate "2016.10.25"]
[SourceQuality "1"]

1. d4 Nf6 2. c4 e6 3. Nc3 Bb4 4. Qc2 c5 5. dxc5 Bxc5 6. Nf3 Qb6 7. e3 Qc7 8. Be2 a6 9. a3 b6 10. 0-0 Bb7 11. e4 Nc6 12. b4 Be7 13. h3 d6 14. Be3 0-0 15. Rfd1 Rfd8 16. Rac1 Rac8 17. Qb3 Nb8 18. Qb1 Nbd7 19. Nd2 Qb8 20. f4 Qa8 21. Bf3 Qb8 22. Qd3 Kh8 23. Qe2 Ba8 24. Bd4 Kg8 25. e5 Ne8 26. Bxa8 Qxa8 27. Nf3 Qc6 28. Ne4 d5 29. cxd5 Qxc1 30. Rxc1 Rxc1+ 31. Kh2 exd5 32. Nc3 Nb8 33. Qd2 Rf1 34. Bxb6 Rc8 35. Nxd5 Bf8 36. f5 Rfc1 37. e6 Bd6+ 38. Nf4 R1c2 39. exf7+ Kxf7 40. Qd5+ Kf8 41. Ne5 Bxe5 42. Qxe5 Nd7 43. Qe6 Nxb6 44. Qxb6 R2c6 45. Qb7 R8c7 46. Qb8 Rc8 47. Ne6+ Kg8 48. Qb7 1-0

[Event "Rheinland Pfalz op 7th"]
[Site "Frankenthal"]
[Date "2015.06.06"]
[Round "5"]
[White "Schoenhof, Timo"]
[Black "Louis, Volker"]
[Result "1/2-1/2"]
[WhiteElo "1985"]
[BlackElo "2128"]
[PlyCount "139"]
[EventDate "2015.06.04"]
[EventType "swiss"]
[EventRounds "7"]
[EventCountry "GER"]
[SourceTitle "EXT 2017"]
[Source "ChessBase"]
[SourceDate "2016.10.25"]
[SourceVersion "1"]
[SourceVersionDate "2016.10.25"]
[SourceQuality "1"]

1. e4 d6 2. d4 Nf6 3. Nc3 g6 4. Nf3 Bg7 5. h3 0-0 6. Be3 c6 7. a4 Nbd7 8. Be2 e5 9. dxe5 dxe5 10. 0-0 Qe7 11. Nd2 Nc5 12. b4 Ne6 13. Qb1 Ne8 14. Rd1 f5 15. f3 Kh8 16. Bc4 N8c7 17. a5 Nf4 18. Bxf4 exf4 19. Ra3 Be6 20. Bxe6 Nxe6 21. exf5 Rxf5 22. Nce4 Rd5 23. c4 Rd7 24. c5 Rad8 25. Nd6 b6 26. axb6 axb6 27. N2e4 bxc5 28. bxc5 Nxc5 29. Nxc5 Rxd6 30. Rxd6 Qxd6 31. Nb7 Qd1+ 32. Qxd1 Rxd1+ 33. Kf2 Bd4+ 34. Ke2 Rb1 35. Ra8+ Kg7 36. Nd8 c5 37. Ne6+ Kf6 38. Nxf4 c4 39. Ra6+ Kf5 40. g3 Rb2+ 41. Kd1 Rb1+ 42. Kc2 Rb2+ 43. Kd1 g5 44. Ne2 Be3 45. Rc6 Rb1+ 46. Kc2 Re1 47. Nc3 Rc1+ 48. Kb2 Rf1 49. Rxc4 Rf2+ 50. Kb3 Rxf3 51. Ne2 Bf2+ 52. Kc2 Ke5 53. h4 h6 54. hxg5 hxg5 55. g4 Ra3 56. Nc1 Kd5 57. Rb4 Bc5 58. Rb3 Ke4 59. Rxa3 Bxa3 60. Nd3 Bd6 61. Kd2 Kf3 62. Ke1 Kxg4 63. Kf1 Bg3 64. Kg2 Bd6 65. Nf2+ Kf5 66. Nh3 g4 67. Nf2 g3 68. Nh1 Kg4 69. Nf2+ gxf2 70. Kxf2 1/2-1/2

[Event "Oberliga Sued W 1112"]
[Site "Germany"]
[Date "2012.03.18"]
[Round "8"]
[White "Louis, Volker"]
[Black "Slany, Ralph"]
[Result "1/2-1/2"]
[WhiteElo "2152"]
[BlackElo "2080"]
[PlyCount "42"]
[EventDate "2011.09.25"]
[EventType "team-tourn"]
[EventRounds "9"]
[EventCountry "GER"]
[SourceTitle "EXT 2013"]
[Source "ChessBase"]
[SourceDate "2012.11.22"]
[SourceVersion "1"]
[SourceVersionDate "2012.11.22"]
[SourceQuality "1"]
[WhiteTeam "Frankenthal"]
[BlackTeam "Worms"]
[WhiteTeamCountry "GER"]
[BlackTeamCountry "GER"]

1. d4 d5 2. c4 c6 3. Nc3 Nf6 4. Nf3 a6 5. e3 b5 6. b3 Bg4 7. Be2 e6 8. 0-0 Bb4 9. Bb2 Nbd7 10. Ne5 Bxc3 11. Bxc3 Bxe2 12. Qxe2 Nxe5 13. dxe5 Ne4 14. Bd4 bxc4 15. bxc4 c5 16. Bb2 h6 17. f3 Ng5 18. Rfc1 0-0 19. Qd3 Qb6 20. Rab1 Rfd8 21. Bc3 Qc7 1/2-1/2

[Event "Oberliga Sued W 1112"]
[Site "Germany"]
[Date "2012.02.05"]
[Round "6"]
[White "Etienne, Eric"]
[Black "Louis, Volker"]
[Result "0-1"]
[WhiteElo "2123"]
[BlackElo "2152"]
[PlyCount "66"]
[EventDate "2011.09.25"]
[EventType "team-tourn"]
[EventRounds "9"]
[EventCountry "GER"]
[SourceTitle "EXT 2013"]
[Source "ChessBase"]
[SourceDate "2012.11.22"]
[SourceVersion "1"]
[SourceVersionDate "2012.11.22"]
[SourceQuality "1"]
[WhiteTeam "Saarbruecken Gambit"]
[BlackTeam "Frankenthal"]
[WhiteTeamCountry "GER"]
[BlackTeamCountry "GER"]

1. d4 Nf6 2. Nf3 g6 3. Nc3 Bg7 4. e4 d6 5. Be3 0-0 6. Qd2 c6 7. Bh6 b5 8. Bxg7 Kxg7 9. Bd3 Bg4 10. Qf4 Bxf3 11. Qxf3 Nbd7 12. 0-0 e5 13. Ne2 Re8 14. c3 Nf8 15. Rad1 Qb6 16. Bb1 Ne6 17. dxe5 dxe5 18. h4 Rad8 19. a3 c5 20. g3 c4 21. Kg2 Nc5 22. g4 h5 23. gxh5 Nxh5 24. Qg4 Ne6 25. Ng3 Nef4+ 26. Kf3 Kh7 27. Rd7 Qf6 28. Ke3 Rxd7 29. Qxd7 Rd8 30. Qg4 Ng2+ 31. Ke2 Nhf4+ 32. Kf3 Nxh4+ 33. Ke3 Qb6# 0-1

[Event "Oberliga Sued W 1112"]
[Site "Germany"]
[Date "2012.01.15"]
[Round "5"]
[White "Louis, Volker"]
[Black "Scheiblauer, Heinrich"]
[Result "1/2-1/2"]
[WhiteElo "2152"]
[BlackElo "2187"]
[PlyCount "34"]
[EventDate "2011.09.25"]
[EventType "team-tourn"]
[EventRounds "9"]
[EventCountry "GER"]
[SourceTitle "EXT 2013"]
[Source "ChessBase"]
[SourceDate "2012.11.22"]
[SourceVersion "1"]
[SourceVersionDate "2012.11.22"]
[SourceQuality "1"]
[WhiteTeam "Frankenthal"]
[BlackTeam "Mutterstadt"]
[WhiteTeamCountry "GER"]
[BlackTeamCountry "GER"]

1. d4 d5 2. c4 e6 3. Nc3 Be7 4. Nf3 Nf6 5. Bg5 0-0 6. e3 Nbd7 7. Rc1 a6 8. cxd5 exd5 9. Bd3 c6 10. 0-0 Re8 11. a3 Nf8 12. h3 Ng6 13. b4 h6 14. Bxf6 Bxf6 15. a4 Nf8 16. b5 axb5 17. axb5 Bd7 1/2-1/2

[Event "Oberliga Sued W 1011"]
[Site "Germany"]
[Date "2010.12.12"]
[Round "4.8"]
[White "Louis, Volker"]
[Black "Horras, Michael"]
[Result "1-0"]
[WhiteElo "2058"]
[BlackElo "1841"]
[PlyCount "47"]
[EventDate "2010.10.10"]
[EventType "team-tourn"]
[EventRounds "9"]
[EventCountry "GER"]
[SourceTitle "EXT 2012"]
[Source "ChessBase"]
[SourceDate "2011.11.24"]
[SourceVersion "1"]
[SourceVersionDate "2011.11.24"]
[SourceQuality "1"]
[WhiteTeam "Frankenthal"]
[BlackTeam "Winterbach Turm"]
[WhiteTeamCountry "GER"]
[BlackTeamCountry "GER"]

1. d4 d5 2. c4 c6 3. Nc3 Nf6 4. Nf3 dxc4 5. a4 Bf5 6. e3 e6 7. Bxc4 Bb4 8. 0-0 0-0 9. Qe2 Bg6 10. Ne5 Nbd7 11. Nxg6 hxg6 12. Na2 Be7 13. b4 Nb6 14. Bb3 Nbd5 15. Bd2 Ne4 16. Be1 Bf6 17. Rd1 Re8 18. f3 Ng5 19. f4 Nh7 20. e4 Bxd4+ 21. Bf2 Nxf4 22. Qf3 e5 23. Bxd4 exd4 24. Qxf4 1-0

[Event "Oberliga Sued W 0910"]
[Site "Germany"]
[Date "2009.12.13"]
[Round "4.5"]
[White "Louis, Volker"]
[Black "Gypser, Andreas"]
[Result "1/2-1/2"]
[WhiteElo "2176"]
[BlackElo "2224"]
[PlyCount "59"]
[EventDate "2009.10.18"]
[EventType "team-tourn"]
[EventRounds "9"]
[EventCountry "GER"]
[SourceTitle "EXT 2011"]
[Source "ChessBase"]
[SourceDate "2010.11.26"]
[SourceVersion "1"]
[SourceVersionDate "2010.11.26"]
[SourceQuality "1"]
[WhiteTeam "Frankenthal"]
[BlackTeam "Ludwigshafen"]
[WhiteTeamCountry "GER"]
[BlackTeamCountry "GER"]

1. d4 d5 2. c4 e6 3. Nc3 Be7 4. Nf3 Nf6 5. Bg5 h6 6. Bh4 0-0 7. e3 b6 8. cxd5 Nxd5 9. Bxe7 Qxe7 10. Rc1 Bb7 11. Nxd5 Bxd5 12. Be2 Rc8 13. 0-0 c5 14. Qa4 Nd7 15. Rfd1 a5 16. Qa3 Kf8 17. Bb5 Nf6 18. dxc5 Rxc5 19. Rxc5 Qxc5 20. Qxc5+ bxc5 21. a4 Bxf3 22. gxf3 Ke7 23. Kf1 Nd5 24. Ke2 Nb6 25. Rc1 Rc8 26. f4 g5 27. Kf3 f5 28. Kg3 Nd5 29. fxg5 hxg5 30. h4 1/2-1/2

[Event "Oberliga Sued W 0809"]
[Site "Germany"]
[Date "2009.03.15"]
[Round "8.6"]
[White "Louis, Volker"]
[Black "Lares, Harald"]
[Result "0-1"]
[WhiteElo "2182"]
[BlackElo "2094"]
[PlyCount "54"]
[EventDate "2008.10.05"]
[EventType "team-tourn"]
[EventRounds "11"]
[EventCountry "GER"]
[SourceTitle "EXT 2012"]
[Source "ChessBase"]
[SourceDate "2011.11.24"]
[SourceVersion "1"]
[SourceVersionDate "2011.11.24"]
[SourceQuality "1"]
[WhiteTeam "Frankenthal"]
[BlackTeam "Kaiserslautern"]
[WhiteTeamCountry "GER"]
[BlackTeamCountry "GER"]

1. d4 Nf6 2. c4 c5 3. d5 e6 4. Nc3 exd5 5. cxd5 d6 6. e4 g6 7. Bd3 Bg7 8. Nge2 0-0 9. 0-0 Na6 10. Ng3 Ng4 11. h3 Ne5 12. Be2 Qh4 13. Kh2 h5 14. f3 c4 15. Nb5 Rd8 16. Na3 b5 17. Nxb5 Nc5 18. Qd2 Ned3 19. Bxd3 Nxd3 20. Ne2 Rb8 21. Nbd4 Re8 22. Nc6 Nxc1 23. Raxc1 Rxb2 24. Rc2 c3 25. Nxc3 Bh6 26. Rxb2 Bxd2 27. Rxd2 Qf4+ 0-1

[Event "Oberliga Sued W 0809"]
[Site "Germany"]
[Date "2008.12.14"]
[Round "4.6"]
[White "Gypser, Andreas"]
[Black "Louis, Volker"]
[Result "1/2-1/2"]
[WhiteElo "2223"]
[BlackElo "2182"]
[PlyCount "89"]
[EventDate "2008.10.05"]
[EventType "team-tourn"]
[EventRounds "11"]
[EventCountry "GER"]
[SourceTitle "EXT 2012"]
[Source "ChessBase"]
[SourceDate "2011.11.24"]
[SourceVersion "1"]
[SourceVersionDate "2011.11.24"]
[SourceQuality "1"]
[WhiteTeam "Ludwigshafen"]
[BlackTeam "Frankenthal"]
[WhiteTeamCountry "GER"]
[BlackTeamCountry "GER"]

1. e4 d6 2. d4 Nf6 3. Nc3 g6 4. f4 Bg7 5. Nf3 0-0 6. Bd3 a6 7. 0-0 b5 8. e5 Ne8 9. Qe1 f5 10. a4 b4 11. Ne2 a5 12. Qh4 d5 13. c3 c6 14. cxb4 axb4 15. Bd2 Na6 16. Rfc1 Qd7 17. b3 Nec7 18. Rc2 Ne6 19. Rac1 Nd8 20. h3 Re8 21. Kh1 Bf8 22. Rg1 e6 23. g4 c5 24. Bb5 Nc6 25. dxc5 Bb7 26. Ned4 Rec8 27. gxf5 exf5 28. Kh2 Nxc5 29. Rgc1 Nxd4 30. Nxd4 Qe7 31. Qxe7 Bxe7 32. Bxb4 Nxb3 33. Rxc8+ Bxc8 34. Nxb3 Bxb4 35. Bc6 Rb8 36. Bxd5+ Kf8 37. Nc5 Bd2 38. Rc4 Rb4 39. Rxb4 Bxb4 40. Nd3 Bd2 41. Kg3 h6 42. Nc5 Ke7 43. Kf3 g5 44. fxg5 hxg5 45. Nb3 1/2-1/2

[Event "Seebach op 16th"]
[Site "Grossenseebach"]
[Date "2005.05.27"]
[Round "4"]
[White "Louis, Volker"]
[Black "Dobosz, Henryk"]
[Result "1/2-1/2"]
[WhiteElo "2216"]
[BlackElo "2441"]
[PlyCount "66"]
[EventDate "2005.05.26"]
[EventType "swiss"]
[EventRounds "7"]
[EventCountry "GER"]
[SourceTitle "EXT 2018"]
[Source "ChessBase"]
[SourceDate "2017.10.13"]
[SourceVersion "1"]
[SourceVersionDate "2017.10.13"]
[SourceQuality "1"]

1. d4 g6 2. c4 Bg7 3. e4 d6 4. Be3 e5 5. dxe5 dxe5 6. Qxd8+ Kxd8 7. Nd2 Be6 8. c5 Nf6 9. f3 Nfd7 10. Bc4 Bxc4 11. Nxc4 Nc6 12. 0-0-0 Kc8 13. Nh3 Re8 14. Nf2 a5 15. Kb1 Nf8 16. Na3 Ne6 17. Nd3 Re7 18. Nb5 Rd7 19. Nc3 Kd8 20. Nd5 Ke8 21. a3 Rad8 22. Nf2 f5 23. b4 axb4 24. axb4 Na7 25. Nc3 Nd4 26. Bg5 Ra8 27. Nd5 Kf7 28. Bc1 Nab5 29. Bb2 Rad8 30. Nc3 Nxc3+ 31. Bxc3 Nb5 32. Kc2 Ke6 33. Bd2 Bf6 1/2-1/2

[Event "Oberliga Sued W 0304"]
[Site "Germany"]
[Date "2004.02.15"]
[Round "6.5"]
[White "Louis, Volker"]
[Black "Niklasch, Oliver"]
[Result "1-0"]
[WhiteElo "2201"]
[BlackElo "2352"]
[PlyCount "79"]
[EventDate "2003.10.12"]
[EventType "team"]
[EventRounds "9"]
[EventCountry "GER"]
[SourceTitle "EXT 2006"]
[Source "ChessBase"]
[SourceDate "2005.11.24"]
[SourceVersion "1"]
[SourceVersionDate "2005.11.24"]
[SourceQuality "1"]
[WhiteTeam "Frankenthal"]
[BlackTeam "Trier"]
[WhiteTeamCountry "GER"]
[BlackTeamCountry "GER"]

1. d4 Nf6 2. c4 e6 3. Nc3 Bb4 4. Nf3 b6 5. e3 Bb7 6. Be2 Ne4 7. Qc2 f5 8. 0-0 Bxc3 9. bxc3 0-0 10. a4 d6 11. a5 Rf6 12. axb6 cxb6 13. d5 exd5 14. cxd5 Bxd5 15. Rd1 Bb7 16. Nd4 Nd7 17. f3 Nec5 18. Nxf5 Qf8 19. Bc4+ Kh8 20. e4 Ne5 21. Bd5 Bxd5 22. Rxd5 Rg6 23. Kh1 Nc4 24. Bf4 a6 25. Rad1 Nb7 26. Qf2 Rc8 27. Qa2 a5 28. Qb3 a4 29. Qb4 a3 30. R5d4 Nb2 31. Ra1 d5 32. Rxa3 dxe4 33. fxe4 Qxb4 34. cxb4 Rgc6 35. h3 Rf8 36. Ra7 Nd8 37. Ra8 Ne6 38. Rxf8+ Nxf8 39. Rd8 Rf6 40. Be5 1-0

[Event "Oberliga Sued W 0304"]
[Site "Germany"]
[Date "2003.11.23"]
[Round "3.5"]
[White "Louis, Volker"]
[Black "Rheinwalt, Tobias"]
[Result "1/2-1/2"]
[WhiteElo "2201"]
[BlackElo "2239"]
[PlyCount "39"]
[EventDate "2003.10.12"]
[EventType "team"]
[EventRounds "9"]
[EventCountry "GER"]
[SourceTitle "EXT 2006"]
[Source "ChessBase"]
[SourceDate "2005.11.24"]
[SourceVersion "1"]
[SourceVersionDate "2005.11.24"]
[SourceQuality "1"]
[WhiteTeam "Frankenthal"]
[BlackTeam "Landau"]
[WhiteTeamCountry "GER"]
[BlackTeamCountry "GER"]

1. c4 f5 2. g3 Nf6 3. Bg2 e5 4. d3 Nc6 5. Nc3 Be7 6. e3 0-0 7. Nge2 d6 8. 0-0 Qe8 9. d4 Qh5 10. f4 e4 11. a3 Bd8 12. d5 Ne7 13. b4 a5 14. Bd2 c6 15. dxc6 bxc6 16. Nd4 Qf7 17. Rc1 axb4 18. axb4 Bb6 19. Nce2 Ra3 20. Qc2 1/2-1/2

[Event "Oberliga Sued W 0203"]
[Site "Germany"]
[Date "2002.12.15"]
[Round "5.5"]
[White "Otterstaetter, Stefan"]
[Black "Louis, Volker"]
[Result "1/2-1/2"]
[WhiteElo "2165"]
[BlackElo "2199"]
[PlyCount "55"]
[EventDate "2002.10.??"]
[EventType "team"]
[EventRounds "9"]
[EventCountry "GER"]
[SourceTitle "EXT 2005"]
[Source "ChessBase"]
[SourceDate "2004.11.15"]
[SourceVersion "1"]
[SourceVersionDate "2004.11.15"]
[SourceQuality "1"]

1. d4 Nf6 2. Nf3 g6 3. c4 Bg7 4. Nc3 0-0 5. e4 d6 6. Be2 e5 7. d5 a5 8. Bg5 h6 9. Bh4 Na6 10. Nd2 c6 11. a3 Bd7 12. 0-0 Qb8 13. f3 Nh5 14. Nb3 g5 15. Bf2 Qc7 16. dxc6 bxc6 17. c5 Nxc5 18. Nxc5 dxc5 19. Bxc5 Rfd8 20. Qc2 Bf8 21. Be3 Nf4 22. Bc4 Be6 23. Bxe6 Nxe6 24. Ne2 Rab8 25. Rfd1 Qb7 26. Rxd8 Rxd8 27. Qc3 Qb5 28. Qc2 1/2-1/2